000 00312nam a22001337a 4500
008 170822b xxu||||| |||| 00| 0 eng d
020 _a0486631664
041 _aeng
080 _a51
100 _a38
101 _aMAT
245 _aTHE VARIIATIONAL THEORY OF GEODESIS
_cPOSTNIKOV,M,M
942 _2udc
_cBK
999 _c24541
_d24541